Loading...

Muhammed Salih-al Uthaimeen

Bibliographic Details
Main Author: Ibrahim Muhammed Ali
Format: Printed Book
Published: Darulkalam 2010
LEADER 00286 a2200085 4500
100 |a Ibrahim Muhammed Ali 
245 |a Muhammed Salih-al Uthaimeen 
260 |b Darulkalam  |c 2010 
999 |c 332515  |d 332515 
952 |0 0  |1 0  |4 0  |7 0  |9 379432  |a UL  |b UL  |c PROC  |d 2019-03-08  |g 268.00  |l 0  |p 99232  |r 2019-03-08  |v 335.00  |w 2019-03-08  |y BK